| 000 | 01249nam a22003017a 4500 | ||
|---|---|---|---|
| 005 | 20240530110432.0 | ||
| 008 | 150224s2010 ua g 000 0 ara d | ||
| 017 |
_a7869/2010 _bمصر . دار الكتب المصرية |
||
| 020 | _a9789773503115 | ||
| 040 | _aEG-CaGPL | ||
| 041 | 0 | _aara | |
| 082 | 0 | 4 |
_221 _a216.9\ _bن ن |
| 100 | 0 | _aنورالدين ابولحية | |
| 245 | 1 | 2 |
_aالنبى المعصوم : _bالرد على المواقع الالكترونية الحاقدة ( دراسة علمية موثقة ) / _cتاليف نورالدين ابولحية |
| 250 | _aط1 | ||
| 260 |
_aالقاهرة : _bدار الكتاب الحديث ، _c2010 |
||
| 300 |
_a593 ص ؛ _c24 سم |
||
| 490 | 0 |
_aرواية حوارية كتبتها من اجل الدفاع عنه ؛ _v15 |
|
| 650 | 0 | 4 | _aالسيرة النبوية |
| 650 | 0 | 4 | _aاخلاق الرسول ( ص ) |
| 650 | 0 | 4 |
_aالسيرة النبوية _xعصر الجهاد فى سبيل نشر الدعوة |
| 650 | 0 | 4 | _aزوجات النبى |
| 650 | 0 | 4 | _aغزوات النبى |
| 650 | 0 | 4 |
_aالسيرة النبوية _xالمرض |
| 650 | 0 | 4 |
_aالسيرة النبوية _xدفع مطاعن |
| 942 |
_2ddc _cBK |
||
| 999 |
_c60870 _d60870 |
||